[Event "Harplinge"]
[Site "Harplinge"]
[Date "1998.08.19"]
[Round "5"]
[White "Wedberg, Tom Birger"]
[Black "Hodgson, Julian M"]
[Result "1-0"]
[WhiteElo "2475"]
[BlackElo "2575"]
[Annotator "Wedberg,T"]
[PlyCount "53"]
[EventDate "1998.08.15"]
[EventType "tourn"]
[EventRounds "9"]
[EventCountry "SWE"]
[EventCategory "12"]
[SourceTitle "CBM 067"]
[Source "ChessBase"]
[SourceDate "1998.11.30"]
[SourceVersion "2"]
[SourceVersionDate "1998.11.01"]
[SourceQuality "1"]

{[%mdl 488] White comes under fire early in the opening. A rather suspicious
counter gives White a strong attack when Black castles to the wrong side.} 1.
e4 {Mueller,Karsten} d5 2. exd5 Nf6 3. d4 Bg4 4. Be2 Bxe2 5. Qxe2 Qxd5 6. Nf3
e6 $5 (6... Nc6 7. c4 Qf5 (7... Qh5 $2 8. d5 $16) 8. O-O e6 9. d5 $5 (9. Be3
Bd6 10. Nc3 O-O 11. Rad1 Rfe8 12. Qd3 Qh5 (12... Qxd3 $142) 13. Ne4 Nxe4 14.
Qxe4 $14 {Atlas,V-Hodgson,J/BL9596}) 9... Nb4 10. a3 Nc2 11. Ra2 $16 {Atlas,V})
7. O-O (7. c4 $5 Bb4+ (7... Qe4 8. Be3 Bb4+ 9. Nbd2 Nc6 (9... Qc2 10. O-O $36)
10. O-O Bxd2 11. Qxd2 $14) 8. Bd2 (8. Nc3 Bxc3+ 9. bxc3 Qa5 $13 {><c3,c4}) 8...
Bxd2+ 9. Nbxd2 Qd6 10. d5 (10. O-O O-O $11 {/\c6,Nbd7}) 10... O-O 11. dxe6 Re8
12. Ng5 fxe6 13. O-O $14) 7... Nc6 (7... Bd6 {Mueller,Karsten} 8. c4 (8. Nc3
Qh5 9. Qb5+ Qxb5 10. Nxb5 $11 {/+/= 1/2-1/2 Guliev,L-Shchekachev,A/Smolensk
1997/EXP 58 (47)}) 8... Qh5 9. Nc3 Nc6 10. h3 O-O-O 11. Be3 (11. Rd1 h6 12. Be3
g5 13. d5 exd5 14. cxd5 Ne5 15. Bd4 Rhe8 16. Bxe5 Bxe5 17. Qc4 $132 {1-0
Wehmeier,S-Doeve,M/NRW-I 1996/GER 13 (56)}) 11... g5 12. Nxg5 Qg6 $44 {1/2-1/2
Nunn,J-Damaso,R/Oviedo 1992/TD 92\09 (34)}) 8. Be3 (8. Nc3 {Mueller,Karsten}
Qf5 9. Nb5 O-O-O 10. Ne5 Nxd4 11. Nxd4 Rxd4 12. Nxf7 Rg8 13. Ng5 $14 {1-0
Hauchard,A-Vandevoort,P/Paris 1990/EXT 90ch2 (45)}) (8. c4 $2 {Mueller,Karsten}
Nxd4 9. Nxd4 Qxd4 10. Be3 Qe5 11. Nc3 Bc5 $17 {0-1 Costa,F-Pereira,A/Lisboa
1993/EXT 93ch (32)}) 8... Bd6 (8... O-O-O 9. c4 Qh5 10. Nc3 Rg8 11. Ne5 $5 (11.
Rfd1 g5 12. d5 $2 g4 $1 13. dxc6 $2 gxf3 14. Rxd8+ Kxd8 15. Qd1+ Bd6 16. g3 Ng4
17. h4 Nxe3 18. cxb7 Ke7 19. Qb3 Qxh4 {0-1 Grebennikov,N-Ulko,J/Moscow 1994/
EXT 94op (19)}) 11... Qxe2 12. Nxe2 Nxe5 13. dxe5 Ng4 14. Bd4 c5 15. Bc3 $14 {
1-0 Fadi,E-Bennett,H/Genting Highlands 1998/EXP 63 (62)}) 9. c4 (9. Nc3 Qh5 10.
h3 a6 11. Nd2 Qf5 12. Nc4 O-O-O 13. Nxd6+ Rxd6 14. Rfd1 Rhd8 $15 {0-1 Love,
A-Spain,G/Otago 1991/EXT 91ch (42)}) 9... Qh5 10. Nc3 (10. d5 $2 Bxh2+ $19)
10... g5 $5 $40 {'!?' Mueller,Karsten.} (10... O-O-O 11. c5 (11. Rfd1 {Mueller,
Karsten} h6 12. c5 Be7 13. b4 Nd5 14. Nxd5 Rxd5 15. b5 Nd8 16. Qc4 $40 {
1-0 Ricaunte,J-Ribeiro,F/Capablanca mem-C 1996/EXP 52 (33)}) 11... Be7 12. b4
g5 13. b5 Nb8 14. Ne5 $16 {1-0 Martinez,A-Carvalho,A/Medellin 1996/JUN 97 (42)}
) 11. g3 $8 {'!' Mueller,Karsten.} (11. d5 $6 {Mueller,Karsten} g4 12. Nh4 Ne5
(12... Qxh4 13. g3 $13) 13. f4 $1 (13. c5 $2 Nf3+ 14. gxf3 Bxh2+ 15. Kg2 Qxh4
16. fxg4 Be5 $17) 13... gxf3 14. Nxf3 $13) 11... Ng4 12. b4 $146 {'!?' Mueller,
Karsten.} (12. Rfd1 O-O-O 13. a3 Rhg8 14. Kg2 f5 15. b4 e5 16. h3 Nxe3+ 17.
fxe3 g4 $19 {0-1 Costa,F-Lima,P/Loures 1996/EXT 97 (32)}) (12. c5 $5 Be7 13. b4
O-O-O 14. Rad1 $1 Nxb4 15. Rb1 $40) (12. Nb5 $2 Nxh2 $17) (12. Bxg5 $4 {
Mueller,Karsten} Nxd4 $19) 12... Bxb4 $1 (12... O-O-O $6 13. b5 Nb8 14. c5 Be7
15. a4 $40) 13. Qb2 O-O-O $6 (13... O-O 14. Ne2 $5 {><g5,><b7} (14. Ne4 $2 h6
$1 15. a3 f5 $1 $40)) (13... Bxc3 $1 14. Qxc3 O-O $15) (13... Nf6 {Mueller,
Karsten} 14. Nb5 $132) 14. Nb5 $1 $40 Ba5 $2 {'?!' Mueller,Karsten.} (14... a6
15. Rab1 $1 (15. Na7+ $2 Nxa7 16. Qxb4 Nc6 17. Qc5 Nf6 $1 $17) 15... axb5 16.
cxb5 Ne7 17. Qxb4 Nd5 18. Qa3 $40) (14... Nxe3 {Mueller,Karsten} 15. fxe3 g4
16. Ne5 Nxe5 17. Qxb4 $13) 15. d5 $16 {'!' Mueller,Karsten.} exd5 (15... Nce5
$2 {Mueller,Karsten} 16. Nxa7+ Kb8 17. Nc6+ Nxc6 18. dxc6 b6 19. Qb5 Rd6 20. c5
$18) 16. cxd5 Rxd5 {'?' Mueller,Karsten. Mueller,Karsten: 'Julian Hodgson
bleibt seinem angriffslustigen, teilweise draufgängerischen Stil mit diesem
Opfer treu, doch korrekt ist es nicht.'} (16... Nce5 $1 {Mueller,Karsten} 17.
Nxa7+ Kb8 18. Nc6+ Nxc6 19. dxc6 b6 20. Qb5 (20. Rad1 f6) 20... Rd6 21. Qxg5 (
21. Rac1 $2 Nxh2) 21... Qxg5 22. Nxg5 Rxc6 {und Schwarz steht zwar etwas
schlechter, ganz klar ist die Lage aber nicht.}) 17. Qxh8+ Rd8 18. Nxa7+ $1 {
'!?' Mueller,Karsten. Mueller,Karsten: 'lenkt den schwarzen Springer von e5 ab.
'} (18. Qb2 Nce5 $132) 18... Nxa7 19. Qg7 $18 Nxe3 20. fxe3 Bb6 21. Rae1 Re8 {
'?!' Mueller,Karsten.} 22. Ne5 {'!' Mueller,Karsten.} Ba5 23. Rxf7 {'!'
Mueller,Karsten.} Kb8 (23... Rxe5 $2 {Mueller,Karsten} 24. Qg8+ Re8 25. Qxe8#)
(23... Bxe1 $2 {Mueller,Karsten} 24. Rxc7+ Kb8 25. Rxb7+ Ka8 26. Rxa7+ Kb8 27.
Qb7#) 24. Ref1 (24. Nd7+ {Mueller,Karsten} Ka8 25. Nf6 $18) 24... Qe2 25. Qxg5
Bd2 26. Ng4 Nb5 {'?' Mueller,Karsten.} (26... h5 {Mueller,Karsten} 27. Rf8 Rc8
28. R8f2 Qxg4 29. Qxg4 hxg4 30. Rxd2 $18) 27. R7f2 1-0

[Event "Politiken zt"]
[Site "Munkebo"]
[Date "1998.09.14"]
[Round "2.2"]
[White "Wedberg, Tom Birger"]
[Black "Danielsen, Henrik"]
[Result "0-1"]
[WhiteElo "2475"]
[BlackElo "2510"]
[Annotator "Wedberg,T"]
[PlyCount "176"]
[EventDate "1998.09.10"]
[EventType "k.o."]
[EventRounds "5"]
[EventCountry "DEN"]
[SourceTitle "CBM 067"]
[Source "ChessBase"]
[SourceDate "1998.11.30"]
[SourceVersion "2"]
[SourceVersionDate "1998.11.01"]
[SourceQuality "1"]

1. e4 {Mueller,Karsten} d5 2. exd5 Qxd5 3. Nc3 Qa5 4. g3 Nf6 5. Bg2 c6 6. Nf3
Bf5 7. O-O (7. b4 $5 {Mueller,Karsten} Qc7 8. O-O e6 9. Rb1 Be7 (9... Bd6 10.
d3 O-O 11. a3 a6 12. Nd2 Nbd7 13. Nc4 $14 {1-0 Hickl,J-Kroekel,B/Bad Ragaz op
1993/TD 93\07 (62)}) 10. b5 O-O 11. d3 Nbd7 12. bxc6 bxc6 13. Nd4 $36 {0-1
Shabalov,A-Minasian,A/New York 1998/CBM 64/[Mueller,Karsten] (40)}) 7... e6 8.
Re1 $146 (8. d3) (8. d3 {Mueller,Karsten} Be7 9. Bf4 (9. h3 h6 10. Qe2 Nbd7 11.
a3 O-O 12. Ne4 Bh7 $11 {(Wahls in "Modernes Skandinavisch") 0-1 Mainka,R-Wahls,
M/GER-ch 1994/EXT 94ch (42)}) 9... O-O 10. Qd2 Qd8 11. a3 Nbd7 (11... Nd5 $5
12. Nxd5 cxd5 13. Nd4 Bg6 14. c4 Nc6 15. Nxc6 bxc6 $11 {V.Bagirov}) 12. b4 a6
13. h3 Nd5 14. Nxd5 exd5 15. Nd4 $14 {1/2-1/2 Vasjukov,E-Bagirov,V/
Sankt_Peterburg 1995/Inf 65/[Bagirov,V] (56)}) 8... Bb4 (8... Nbd7) 9. Ne5 O-O
(9... Bxc3 $5) 10. Nc4 Qc5 11. Ne3 Bg6 (11... Bxc3 $5) 12. Ne2 $1 $14 Ba5 13.
d4 Qe7 14. c3 Nbd7 15. Nc4 Bc7 16. Nf4 {'+/=' Mueller,Karsten.} Bf5 17. b3 Qd8
18. Nd3 (18. Ba3 {Mueller,Karsten} Re8 19. Nd6 $6 Bxd6 20. Bxd6 Ne4 $1 $11)
18... Nd5 19. Qd2 Bxd3 20. Qxd3 b5 21. Ne3 Rc8 22. Bd2 a6 23. a4 Ne7 24. axb5
axb5 25. Qe2 Bb6 26. Nc2 h6 27. c4 (27. Ra6 $5 {Mueller,Karsten}) 27... Nf6 28.
Bb4 (28. Bc3 $16) 28... c5 $1 {'!?' Mueller,Karsten. Mueller,Karsten: 'Schwarz
beschließt einen Bauern zu opfern, um sich etwas zu befreien und das Feld d5
für die Springer zu bekommen.'} 29. dxc5 Bxc5 30. Bxc5 Rxc5 31. cxb5 Nfd5 32.
Ne3 $2 {'?!' Mueller,Karsten. Given that White wants a draw in this game to
win the match, this is a terrible move.} (32. Nd4 $16) (32. Bxd5 Nxd5 33. Ne3
$14) (32. Nd4 $142 $5 {Mueller,Karsten}) 32... Nxe3 33. Qxe3 (33. fxe3 {
Mueller,Karsten} Qb6 34. Bf1 Rfc8 $44) 33... Rxb5 34. Ra8 Qb6 {'=!' Mueller,
Karsten.} 35. Rxf8+ Kxf8 36. Qxb6 {'?!' Mueller,Karsten. Mueller,Karsten:
'Obwohl das Endspiel remis sein sollte, macht sich Weiß mit der Abwicklung nur
selbst Probleme.'} (36. Ra1 {Mueller,Karsten} Nf5 37. Ra8+ Ke7 38. Ra7+ $11)
36... Rxb6 37. Re3 Nf5 38. Rd3 Rb4 39. Bc6 (39. Rc3 $2 {Mueller,Karsten} Nd4
40. Rc4 Rxc4 41. bxc4 Ke7 $17) 39... Nd4 40. Ba4 g5 $15 41. f3 Ke7 $6 (41... f5
42. Kf2 f4 $15) 42. Kf2 e5 43. Rc3 Rb6 44. Ke3 Ke6 45. f4 $11 {'!?' Mueller,
Karsten.} Rb4 46. fxe5 Kxe5 47. Rc5+ Ke6 48. Rc4 Nf5+ 49. Kd3 (49. Kf3 $11)
49... Rb8 50. Rc6+ Nd6 51. Rc1 h5 52. Kd4 Nf5+ 53. Kd3 Rd8+ 54. Ke2 Nd4+ 55.
Ke3 $6 (55. Kf2 $11) 55... h4 $1 56. Kf2 $6 (56. gxh4 Nf5+ 57. Kf2 Nxh4 $15)
56... h3 57. g4 Ke5 58. Ke3 Ne6 59. Bb5 Rd4 60. Rc4 Rd1 61. Re4+ Kd6 62. Bc4
Rh1 63. Bxe6 fxe6 64. Rd4+ Ke5 65. Rd2 Rb1 66. Rd3 Rb2 67. Kf3 Rxh2 68. Re3+
Kd5 69. Rd3+ Ke5 70. Re3+ Kf6 71. Kg3 Rh1 72. Re2 $1 {This should hold the
draw.} e5 (72... Rb1 73. Re3 Rh1 74. Re2) 73. Rb2 e4 74. b4 Ke5 75. b5 Rd1 76.
b6 Rd3+ 77. Kh2 Rd8 78. Kg3 {'?!' Mueller,Karsten.} (78. b7 $1 Rb8 79. Kxh3 Kf4
80. Rf2+ (80. Kg2 {Mueller,Karsten} Kxg4 81. Kf2 Kf4 82. Rb4 g4 83. Rb3 $11)
80... Ke3 81. Rf7 $11) 78... Rb8 79. Kxh3 Kf4 80. Rf2+ (80. b7 Kf3 81. Kh2 e3
82. Kg1 Kxg4 (82... e2 83. Rb3+) 83. Kg2 Kf4 84. Rb4+ $11) 80... Ke3 81. Rf6 (
81. Rb2 {Mueller,Karsten} Kf3 82. Kh2 $8 e3 (82... Rb7 83. Rb4 $11) (82... Kxg4
83. Kg2 Rb7 84. Rb3 Kf4 85. Kf2 g4 86. Rb1 $11) 83. Kg1 $8 Re8 (83... Rd8 84.
b7 Rd1+ 85. Kh2 Rd2+ 86. Rxd2 exd2 87. b8=Q d1=Q 88. Qg3+ $11) 84. Kf1 Ra8 85.
Rb1 Rh8 86. Kg1 $11) 81... Ke2 82. Kg2 e3 83. Rd6 Ke1 84. Kf3 e2 85. Kg2 Rb7
86. Re6 $2 (86. Kg1 Rf7 87. Kg2 (87. Rd8 {Mueller,Karsten} Rf4 88. b7 Rxg4+ 89.
Kh2 Kf2 90. Rf8+ Rf4 $11) 87... Rf4 88. b7 Rxg4+ 89. Kh3 (89. Kf3 Rb4 90. Rd7
Kf1 $19) 89... Rb4 90. Rd7 Kf2 91. Rf7+ Kg1 92. Re7 e1=Q $1 93. Rxe1+ Kf2 94.
Re7 Rh4#) (86. Rg6 $1 {Olafsson,H} Rd7 87. Rxg5 Kd1 88. Re5 e1=Q 89. Rxe1+ Kxe1
90. Kf3 Kd2 91. Ke4 Rb7 92. g5 $11) 86... Rd7 $19 {'!' Mueller,Karsten.} 87. b7
(87. Re5 {Mueller,Karsten} Kd2 88. b7 Rxb7 89. Rd5+ Ke3 90. Re5+ Kd3 91. Rd5+
Ke4 92. Rd8 Rb1 93. Re8+ Kd3 94. Rd8+ Kc4 $19) 87... Rxb7 88. Rd6 Rb4 0-1

[Event "Scandic Hotels CC"]
[Site "Stockholm"]
[Date "1999.08.08"]
[Round "9"]
[White "Wedberg, Tom Birger"]
[Black "Kallio, Heikki"]
[Result "1-0"]
[WhiteElo "2487"]
[BlackElo "2360"]
[Annotator "Wedberg,T"]
[PlyCount "67"]
[EventDate "1999.07.31"]
[EventType "tourn"]
[EventRounds "9"]
[EventCountry "SWE"]
[EventCategory "9"]
[SourceTitle "CBM 073"]
[Source "ChessBase"]
[SourceDate "1999.12.01"]
[SourceVersion "1"]
[SourceVersionDate "1999.12.01"]
[SourceQuality "1"]

1. e4 {Mueller,Karsten} d5 2. exd5 Nf6 3. d4 Bg4 4. Be2 Bxe2 5. Qxe2 Qxd5 6.
Nf3 e6 7. c4 Qf5 (7... Qh5 {Mueller,Karsten} 8. Nc3 Bb4 9. Bd2 O-O 10. a3 Bxc3
11. Bxc3 $14 {1-0 Kiik,K-Galego,L/Gent 1994/EXT 94 (69)}) 8. O-O Be7 9. Nc3 O-O
10. Ne5 $5 $146 {[%cal Yg2g4][%mdl 8] A rather obvious try, since it threatens
to win in one move. Mueller,Karsten: 'droht, die schwarze Dame mit g2-g4 in
arge Bedrängnis zu bringen.'} (10. d5 Bc5 (10... Bd6 $5) 11. dxe6 Nc6 12. Be3 {
'+/=' Mueller,Karsten.} Rae8 13. Bxc5 Qxc5 14. exf7+ Rxf7 15. Qc2 Qxc4 $11 {
1-0 Leko,P-Damaso,R/Erevan 1996/EXT 97 (60)}) 10... h5 (10... h6 11. g4 Qh7 12.
f4 $36) 11. h3 Rd8 (11... h4 {is playable, but the P will be a weakness.} 12.
Nf3 Nfd7 13. Re1 $14) 12. Rd1 (12. g4 {perhaps more exact.} hxg4 (12... Qh7 13.
g5 Nfd7 14. g6 fxg6 15. Nxd7 Rxd7 16. Qxe6+ Kh8 17. Nd5 $16) 13. hxg4 Qh7 14.
Kg2 $16 (14. Kg2 {Mueller,Karsten} Nc6 $132) (14. g5 $6 Rxd4 $1 15. Rd1 (15.
gxf6 gxf6 $40) 15... Nc6 16. Rxd4 Nxd4 17. Qd1 Rd8 $40)) 12... c5 (12... Nbd7
13. g4 hxg4 14. hxg4 Qh7 15. g5 $16 (15. g5 {Mueller,Karsten} Nxe5 16. gxf6 $18
)) (12... Nc6 $142 13. g4 hxg4 14. hxg4 Qh7 15. Nxc6 bxc6 16. Kg2 Bd6 17. Rh1
Qg6 18. Rh4 $40) (12... Nfd7 $5 {Mueller,Karsten}) 13. g4 hxg4 (13... Qh7 14.
d5 (14. Nb5 Nc6 15. g5 Qe4 16. Be3) 14... exd5 15. cxd5) 14. hxg4 Qh7 (14...
Nxg4 {Mueller,Karsten} 15. Qxg4 Qxg4+ 16. Nxg4 cxd4 17. Nb5 Nc6 $14) 15. Kg2
cxd4 (15... Nc6 16. Rh1 Nxd4 17. Qe3 Qc2 (17... Nc2 18. Qf3 Qxh1+ 19. Kxh1 Nxa1
20. Qxb7 {'+-' Mueller,Karsten.} Re8 21. g5 $18) 18. Qh3 Qh7 (18... Nh7 19. Be3
$18 Z0 20. Rac1 $140) 19. Qg3 Qc2 20. Bg5 $40 (20. Bg5 {Mueller,Karsten} Ne4
21. Qh4 Qxf2+ 22. Qxf2 Nxf2 23. Bxe7 Nxh1 24. Bxd8 Rxd8 25. Rxh1 $16)) (15...
Kf8 {Mueller,Karsten} 16. Rh1 Qg8 17. d5 $36) 16. Rh1 Qxh1+ (16... dxc3 {
Mueller,Karsten} 17. Rxh7 Nxh7 18. Qf3 Bf6 19. Qxb7 Bxe5 20. Qxa8 cxb2 21. Bxb2
Bxb2 22. Rd1 $16) 17. Kxh1 dxc3 18. bxc3 Nbd7 19. Nxd7 Nxd7 20. Be3 Bc5 {
'?!' Mueller,Karsten.} (20... b6 $142 {Mueller,Karsten}) 21. Rd1 Bxe3 22. Qxe3
Nb6 {'?!' Mueller,Karsten.} (22... b6 $5 {Mueller,Karsten} 23. Qd4 Kf8 24. Kg2
Rac8 $16) 23. Rxd8+ Rxd8 24. Qe4 $1 Rc8 (24... Rd7 25. c5 Nd5 26. Qa4 $18) (
24... Rb8 {Mueller,Karsten} 25. g5 g6 26. c5 Nd5 27. Qa4 a6 28. Qd7 $18) 25.
Qxb7 Rxc4 26. Qxa7 Nd5 27. a4 Rxc3 28. a5 Rc1+ 29. Kg2 Kh7 $6 (29... Nc7 {
is better, but White wins by bringing the K over to the Q-side.}) (29... Nc7 $5
{Mueller,Karsten: in der Hoffnung, bei Bauern nur am einem Flügel mit dem Turm
gegen die Dame noch Widerstand leisten zu können.}) 30. Qxf7 Ra1 31. Qa7 Ra4
32. Kg3 e5 33. Qc5 Nf6 34. Qc2+ 1-0